مكتبة جامعة عجلون الوطنية

فهرس بحث المكتبة

Normal view MARC view
  • بحوث المؤتمر العلمي الدولي التاسع الإتجاهات الحديثة في الفكر الإداري والمالي

Entry Personal Name

Number of records used in: 1

001 - CONTROL NUMBER

  • control field: 53199

003 - CONTROL NUMBER IDENTIFIER

  • control field: JO-AjAnu

005 - DATE AND TIME OF LATEST TRANSACTION

  • control field: 20230606082735.0

008 - FIXED-LENGTH DATA ELEMENTS

  • fixed length control field: 230606|| aca||aabn | a|a d

040 ## - CATALOGING SOURCE

  • Original cataloging agency: JO-AjAnu
  • Transcribing agency: JO-AjAnu

100 ## - HEADING--PERSONAL NAME

  • Personal name: بحوث المؤتمر العلمي الدولي التاسع الإتجاهات الحديثة في الفكر الإداري والمالي

670 ## - SOURCE DATA FOUND

  • Source citation: Work cat.: (JO-AjAnu)27180: بحوث المؤتمر العلمي الدولي التاسع الإتجاهات الحديثة في الفكر الإداري والمالي, author, بحوث المؤتمر العلمي الدولي التاسع الإتجاهات الحديثة في الفكر الإداري والمالي : إدارة المشاريع ( التحديات والآفاق ) 6-7 نيسان(ابريل) 2016